MARC

LEADER 00000nas a2200000 a 4500
001 ssj0001454154
003 WaSeSS
005 20200512172242.0
006 m d
007 cr n
008 990211c19989999nyubx p s 0 a0eng c
010 |a sn 99030005  
016 7 |a 007160386  |2 Uk 
022 |l 1524-1688  |y 1524-1688 
035 |a (WaSeSS)ssj0001454154 
037 |b Nova Science Publishers, 6080 Jericho Turnpike, Ste. 207, Commack, NY 11725 
040 |a GUA  |b eng  |c GUA  |d NSD  |d EYM  |d DLC  |d IUL  |d SYS  |d OCLCQ  |d ZCU  |d OCLCQ  |d UKMGB  |d OCLCQ  |d OCLCF  |d BEDGE  |d OCLCO  |d OCL  |d GILDS  |d OCLCO  |d U3G  |d OCL  |d WaSeSS 
042 |a nsdp  |a pcc 
043 |a e-ur---  |a e-ru--- 
050 0 0 |a DK510.763  |b .C87 
082 1 0 |a 947  |2 13 
210 0 |a Curr. polit. econ. Russ. East. Cent. Eur. 
222 0 |a Current politics and economics of Russia, Eastern and Central Europe 
245 0 0 |a Current politics and economics of Russia, Eastern and Central Europe  |h [electronic resource]. 
260 |a Commack, NY :  |b Nova Science Publishers,  |c c1998- 
310 |a Six no. a year,  |b <2007-> 
321 |a Eight no. a year,  |b 1998- 
362 0 |a Vol. 11, no. 1 (1998)- 
500 |a Title from cover. 
506 |a License restrictions may limit access. 
588 |a Latest issue consulted: Vol. 22, no. 5/6 (2007). 
648 7 |a Since 1991  |2 fast 
650 7 |a Economic history.  |2 fast  |0 (OCoLC)fst00901974 
650 7 |a Politics and government  |2 fast  |0 (OCoLC)fst01919741 
650 7 |a Publications périodiques.  |2 eclas 
650 7 |a Politique.  |2 eclas 
650 7 |a Science économique.  |2 eclas 
651 0 |a Russia (Federation)  |x Politics and government  |y 1991-  |v Periodicals. 
651 0 |a Russia (Federation)  |x Economic conditions  |y 1991-  |v Periodicals. 
651 0 |a Europe, Eastern  |x Politics and government  |v Periodicals. 
651 0 |a Europe, Eastern  |x Economic conditions  |v Periodicals. 
651 0 |a Europe, Central  |x Politics and government  |v Periodicals. 
651 0 |a Europe, Central  |x Economic conditions  |v Periodicals. 
651 7 |a Central Europe.  |2 fast  |0 (OCoLC)fst01244544 
651 7 |a Eastern Europe.  |2 fast  |0 (OCoLC)fst01245079 
651 7 |a Russia (Federation)  |2 fast  |0 (OCoLC)fst01262050 
651 7 |a Russie.  |2 eclas 
651 7 |a Europe centrale.  |2 eclas 
655 0 |a Electronic journals. 
780 0 0 |t Current politics and economics of Russia  |x 1061-9186  |w (DLC) 92660078  |w (OCoLC)25488858 
850 |a DLC  |a GU  |a InU  |a MiU 
853 0 0 |8 1  |a v.  |b no.  |i (year) 
856 4 0 |z Full text available from Research Library: 01/01/2011 to present  |u https://search.proquest.com/publication/2034883 
863 4 0 |8 1  |a <11>-  |i <1998>-  |x provisional